A EDUCAÇÃO brasileira no limiar do novo século (Record no. 143726)

MARC details
000 -LÍDER
campo de controle de tamanho fixo 01006 a2200181 4500
001 - NÚMERO DE CONTROLE
campo de controle 143726
040 ## - FONTE DA CATALOGAÇÃO
Instituição que transcreveu o registro Leonardo Da Vinci
041 ## - CÓDIGO DE IDIOMA
Código do idioma do texto/trilha sonora ou título diferente Português
082 ## - CDD - CLASSIFICAÇÃO DECIMAL DE DEWEY
Número de Classificação 378.155 E26
Número do exemplar E26
245 ## - TÍTULO
Título A EDUCAÇÃO brasileira no limiar do novo século
Restante do título Artigos extraídos de simpósios promovidos pelo Centro de<br/>Integração Empresa-Escola - CIEE em parceria com o jornal O Estado de<br/>São Paulo
260 ## - PUBLICAÇÃO, DISTRIBUIÇÃO, ETC.
Nome do editor, distribuidor, etc. CIEE
Data da publicação, distribuição, etc. 1998
Local de publicação, distribuição, etc. São Paulo
300 ## - DESCRIÇÃO FÍSICA
Extensão 79
362 ## - DATAS DE PUBLICAÇÃO E/OU DESIGNAÇÃO SEQUENCIAL
Datas de publicação e/ou designação sequencial 19981015
490 ## - TÍTULO DA SÉRIE
Número do volume ou designação sequencial da série v. 19
Título da série Coleção CIEE
500 ## - NOTA GERAL
Nota geral Simpósio aconteceu no dia 15 de Outubro de 1998
697 ## - ENTRADA DE ASSUNTO LOCAL--ENTIDADE COLETIVA (RLIN)
Nome corporativo ou nome da jurisdição Educação no Brasil
-- Universidade
-- Celso Pitta
-- Antio Manuel dos Santos Silva
-- Roberto Leal Lobo e Silva Filho
-- Hermano de Medeiros Ferreira Tavares
-- Wilson de Medeiros Ferreira Tavares
-- Euclide Carvalho Fernandez
-- Arnaldo Niskier
-- Ruy Mesquita Filho
-- Antônio Jacinto Caleiro Palma
-- João de Scantimburgo
-- Miguel Reale
-- Sidneu
-- Sanches
-- Educação universitária
-- Ensino universitário
-- Sociedade
-- FIPEN
942 ## - ELEMENTOS DE ENTRADA ADICIONADOS (KOHA)
Tipo de material Koha Livros
Holdings
Situação do descarte Situação das perdas Situação física Não pode ser emprestado Biblioteca de origem Biblioteca atual Data de aquisição Total de empréstimos Número de chamada completo Código de barras Data de último acesso Data do preço efetivo Tipo de material Koha
        Leonardo Da Vinci - Osasco Leonardo Da Vinci - Osasco 27/03/2024   378.155 E26 O010032 27/03/2024 27/03/2024 Livros